| 000 | 00531 a2200193 4500 | ||
|---|---|---|---|
| 001 | 133208 | ||
| 020 | _a85-86623-07-5 | ||
| 040 | _cLeonardo Da Vinci | ||
| 041 | _aPortuguês | ||
| 082 |
_aI P414d _bP414d |
||
| 100 | _aPEDROSA, Maria Solange Rezende | ||
| 245 | _aO descobrimento do Brasil | ||
| 260 |
_bElevação _c1998 _aSão Paulo |
||
| 362 | _a19980000 | ||
| 490 | _aAventuras do conhecimento | ||
| 500 | _aIvan de Paula Coutinho (Ilustração) | ||
| 697 |
_aLiteratura infantil _aBrasil _aDescobrimento |
||
| 942 | _cBK | ||
| 999 |
_c133208 _d133208 |
||